Score 0/20 Timer 08:00
2 Plays Today
% Correct
All except D (Gatorade) are telecommunications companies.
92%
All except C (Puma) are car brands.
87.9%
All except A (Travelers) are hotel chains.
84.1%
All except A (Safeway) are film companies.
81.5%
All except B (Motorola) are oil companies.
81.3%
All except B (Fruit of the Loom) are restaurant chains.
80.8%
All except B (Louis Vuitton) are sportswear brands.
79.7%
All except B (Walmart) are websites/web-based companies.
77.8%
All except C (Volvo) are German car brands.
64.3%
All except C (Monster) are beer brands.
63.4%
% Correct
All except A (Barclays) begin with the letter 'Q'.
48.6%
All except A (Boeing) are consumer electronics manufacturers.
46.6%
All except B (Ryanair) are international organizations.
45.1%
All except A (Xerox) are video games manufacturers.
43.9%
All except D (Microsoft) are French companies.
42.1%
All except D (Prudential) are bank logos.
34.9%
All except A (Lufthansa) are US-based airlines.
34.4%
All except A (Microsoft) have people's names in them.
31.9%
All except C (Yamaha) are Swedish companies.
29.2%
All except D (Deutsche Bank) are British companies.
28.6%
Remove Ads.
Support Sporcle.
Get the best of Sporcle when you Go Orange. This ad-free experience offers more features, more stats, and more fun while also helping to support Sporcle. Thank you for becoming a member.

You're not logged in!

Compare scores with friends on all Sporcle quizzes.
OR
Log In

Show Comments

Extras

Top Quizzes Today


Score Distribution

Your Account Isn't Verified!

In order to create a playlist on Sporcle, you need to verify the email address you used during registration. Go to your Sporcle Settings to finish the process.

Report this User

Report this user for behavior that violates our Community Guidelines.

Details: